| 000 | 00353nam a22001337a 4500 | ||
|---|---|---|---|
| 082 |
_a616.8524 _bFRE _cL-29, P-61 |
||
| 100 |
_aFreud, Sigmund _937011 |
||
| 245 | _aCase histories I | ||
| 260 |
_aEngland: _bPelican Books, _cc1977 |
||
| 300 |
_a331 p.; _bill,: _c19cm |
||
| 526 |
_a0 _b0 _c0 _d616_852400000000000_FRE |
||
| 650 |
_aMCE _9379 |
||
| 942 |
_2ddc _cBK |
||
| 999 |
_c544606 _d544606 |
||